000 00488nam a2200145Ia 4500
008 100122s9999 xx 000 0 und d
082 _b13612
_a821
100 _aशेणोलीकर इ श्री
245 _aनामयाची अमृतवाणी
260 _bव्हीनस प्रकाशन
_c1966
300 _a268
630 _aनामयाची अमृतवाणी
730 _aनामयाची अमृतवाणी
942 _cBOOK
999 _c404415
_d404412